000 00956nam a2200325Ia 4500
001 35832
003 IT-RoPAU
008 130308s9999 xx 000 0 und d
040 _aIT-RoPAU
040 _cIT-RoPAU
041 _aITALIANO
100 _aBolelli Franco
100 _gCodice Aut. SPICS: 9053
245 _aAlmanacco musica 1 (Estate 1979)
245 _bAlmanacco Musica 1 (Estate 1979)
250 _a1a ed.
260 _aMILANO
260 _bIl Formichiere
260 _c1979 [1° Ed.:1979 - Ed.Ling.Originale:1979]
300 _a"112 p. (prefazione: no ; testo: 112)"
500 _aRock Zappografia Schede Dischi Bob Dylan Anthony Braxton Discografia Charles Mingus Billie Holiday
650 _aSAGGI MUSICALI
650 _eCodice materia Spics: 7011
700 _aBertoncelli RiccardoAA.VV.
700 _gCodice Aut. SPICS: 9228Codice Aut. SPICS: 12000
942 _cBK
957 _71
999 _c74346
_d74346
999 _bSI
999 _g1